[Event "Dortmund"]
[Site "?"]
[Date "1997.??.??"]
[Round "?"]
[White "Kramnik, Vladimir"]
[Black "Karpov, Anatoly"]
[Result "1-0"]
[WhiteElo "2770"]
[BlackElo "2745"]
[PlyCount "77"]
[EventDate "1997.??.??"]
[Source "ChessBase"]
[SourceDate "1997.06.01"]

1. Nf3 Nf6 2. c4 b6 3. g3 Bb7 4. Bg2 e6 5. O-O Be7 6. Nc3 O-O 7. Re1 d5 8. cxd5 Nxd5 9. e4 Nxc3 10. bxc3 Nc6 11. d4 Na5 12. h4 Re8 13. h5 h6 14. Ne5 Bd6 15. Bf4 Qe7 16. Qg4 Kh8 17. Nd3 Rad8 18. Rad1 Bc6 19. e5 Ba3 20. Bxc6 Nxc6 21. Re4 Qd7 22. Qf3 Bf8 23. Be3 Na5 24. g4 Nc4 25. g5 Nxe3 26. fxe3 hxg5 27. Rg4 Qe7 28. Rf1 Rd7 29. Qg3 f6 30. e4 Qa3 31. exf6 Qxc3 32. f7 Rc8 33. d5 exd5 34. e5 c5 35. Rf3 c4 36. Nf2 Qe1+ 37. Kg2 Be7 38. Rxg5 Bxg5 39. f8=Q+ 1-0

[Event "NBC 2000-02"]
[Site "?"]
[Date "2000.11.01"]
[Round "?"]
[White "Bang Erik"]
[Black "Timmerman Gert Jan"]
[Result "0-1"]
[WhiteElo "2661"]
[BlackElo "2738"]
[PlyCount "92"]
[EventDate "2000.??.??"]
[Source "www.chesslib.no"]
[SourceDate "2004.05.04"]

1. Nf3 Nf6 2. c4 g6 3. g3 Bg7 4. Bg2 O-O 5. O-O Nc6 6. d4 a6 7. Nc3 Rb8 8. d5 Na5 9. c5 b5 10. cxb6 cxb6 11. Bf4 d6 12. Nd4 Bd7 13. b3 b5 14. Rc1 Qb6 15. Nc6 Nxc6 16. dxc6 Bxc6 17. Na4 bxa4 18. Rxc6 Qa5 19. Bd2 Qf5 20. b4 Qb5 21. Qc2 Nd7 22. Rc7 d5 23. Qd3 Qxd3 24. exd3 Rfd8 25. Bxd5 Ne5 26. Bg2 Nxd3 27. Rxe7 Bd4 28. Rb1 Nxf2 29. Be3 Bxe3 30. Rxe3 Rd2 31. Bf1 Rxa2 32. Bxa6 Nh3+ 33. Kh1 Nf2+ 34. Kg1 Nh3+ 35. Kh1 Rd8 36. Re2 Rxe2 37. Bxe2 Rd2 38. Bf1 Nf2+ 39. Kg1 Ng4 40. b5 Ne5 41. Bg2 a3 42. b6 a2 43. Ra1 Rb2 44. b7 Nd7 45. Be4 Kg7 46. Kf1 Kf6 0-1

[Event "Linares"]
[Site "?"]
[Date "1994.??.??"]
[Round "?"]
[White "Illescas Cordoba, M."]
[Black "Karpov, An"]
[Result "0-1"]
[WhiteElo "2590"]
[BlackElo "2740"]
[PlyCount "126"]
[EventDate "1994.??.??"]
[Source "ChessBase"]
[SourceDate "1994.02.01"]

1. Nf3 Nf6 2. c4 b6 3. g3 Bb7 4. Bg2 e6 5. Nc3 Bb4 6. O-O O-O 7. Qc2 Re8 8. d4 Bxc3 9. Qxc3 d6 10. b3 Nbd7 11. Bb2 Be4 12. Rac1 Rc8 13. Rfd1 c6 14. Qb4 Qc7 15. Qd2 Qb7 16. Qf4 d5 17. Bf1 b5 18. cxb5 cxb5 19. Ne1 Qa6 20. a3 h6 21. Rxc8 Rxc8 22. Rc1 Nb8 23. e3 Rxc1 24. Bxc1 Qb6 25. Bd2 Nbd7 26. Bb4 a5 27. Be7 e5 28. Qh4 exd4 29. Qf4 dxe3 30. Qxe3 d4 31. Qf4 Qc6 32. Bxf6 Nxf6 33. Qb8+ Kh7 34. Qxb5 Qc1 35. Nd3 Qd1 36. Nc5 Bg6 37. Kg2 Ne4 38. Be2 Qe1 39. Nxe4 Bxe4+ 40. f3 Bg6 41. h4 h5 42. f4 Be4+ 43. Bf3 g6 44. Bxe4 Qxe4+ 45. Kf2 Qe3+ 46. Kg2 d3 47. Qc4 Qe2+ 48. Kg1 Qd1+ 49. Kf2 Qd2+ 50. Kf1 Qd1+ 51. Kf2 Qe2+ 52. Kg1 Kg8 53. Qc8+ Kg7 54. Qc4 Kf8 55. Qc5+ Ke8 56. Qc6+ Ke7 57. Qc5+ Ke6 58. Qf2 Qd1+ 59. Kg2 Qxb3 60. Qe1+ Kd7 61. Qxa5 Qc2+ 62. Kh3 d2 63. Qd5+ Kc8 0-1

[Event "EuTCh"]
[Site "Plovdiv"]
[Date "2003.10.11"]
[Round "1"]
[White "Agrest, Evgenij"]
[Black "Ponomariov, Ruslan"]
[Result "1-0"]
[WhiteElo "2605"]
[BlackElo "2718"]
[PlyCount "56"]
[EventDate "2003.10.10"]
[Source "Roberto Alvarez"]
[SourceDate "2003.10.20"]

1. Nf3 Nf6 2. c4 b6 3. Nc3 Bb7 4. d3 Bxf3 5. exf3 c5 6. d4 cxd4 7. Qxd4 Nc6 8. Qd1 g6 9. Be2 Bg7 10. f4 O-O 11. Be3 e6 12. O-O Ne7 13. Qa4 Nf5 14. Rad1 Nxe3 15. fxe3 Qc7 16. Kh1 a6 17. Bf3 Ra7 18. Rd2 Rc8 19. Be2 Qb8 20. Qb3 Bf8 21. e4 d6 22. f5 Nd7 23. fxe6 fxe6 24. Bg4 Re8 25. Ne2 Ne5 26. Bxe6+ Rxe6 27. c5 d5 28. Qxd5 Rae7 1-0

[Event "Campionato europeo 2007"]
[Site "Dresda GER"]
[Date "2007.04.11"]
[Round "8.1"]
[White "Tkachiev, Vladislav"]
[Black "Volokitin, Andrei"]
[Result "1/2-1/2"]
[WhiteElo "2652"]
[BlackElo "2654"]
[PlyCount "61"]
[EventDate "2007.04.03"]
[Source "www.chesslib.no"]
[SourceDate "2004.05.04"]

1. Nf3 Nf6 2. c4 g6 3. g3 Bg7 4. Bg2 c6 5. b3 Ne4 6. d4 Qa5+ 7. Nbd2 c5 8. b4 Qxb4 9. Rb1 Nxd2 10. Rxb4 Nxf3+ 11. Bxf3 cxb4 12. a3 bxa3 13. Bxa3 Nc6 14. e3 d6 15. c5 dxc5 16. Bxc5 a5 17. O-O O-O 18. Qb1 a4 19. Rc1 Re8 20. Qb5 e5 21. d5 Ra5 22. Qb1 a3 23. dxc6 a2 24. Qb6 a1=Q 25. Rxa1 Rxa1+ 26. Kg2 Ra6 27. Qb5 e4 28. Bxe4 Rxe4 29. cxb7 Bxb7 30. Qxb7 Rae6 31. f3 1/2-1/2

[Event "Budapest"]
[Site "?"]
[Date "1996.??.??"]
[Round "?"]
[White "Korchnoi, V."]
[Black "Glek, I."]
[Result "1/2-1/2"]
[WhiteElo "2635"]
[BlackElo "2670"]
[PlyCount "122"]
[EventDate "1996.??.??"]
[Source "ChessBase"]
[SourceDate "1996.10.01"]

1. Nf3 Nf6 2. c4 g6 3. b4 Bg7 4. Bb2 O-O 5. e3 d6 6. Be2 e5 7. d3 Re8 8. O-O a5 9. b5 e4 10. dxe4 Nxe4 11. Nd4 Nd7 12. Nc3 Nxc3 13. Bxc3 Nc5 14. Rc1 Ne4 15. Ba1 Bd7 16. Bf3 b6 17. Qc2 Qe7 18. Rfd1 Rac8 19. Nc6 Bxc6 20. bxc6 Bxa1 21. Rxa1 f5 22. Rd4 Nf6 23. Rad1 Qg7 24. h3 Re5 25. g4 fxg4 26. hxg4 Rce8 27. Rf4 h5 28. gxh5 gxh5+ 29. Kf1 Qg5 30. Rdd4 Kh8 31. Qb2 Kh7 32. Rh4 Kh6 33. Rdf4 Qg6 34. Qd4 R8e6 35. Bd1 b5 36. cxb5 Rxb5 37. Bc2 Qg7 38. Bf5 Ree5 39. Bd3 Rbd5 40. Qc3 Rc5 41. Qb2 Rxc6 42. Rf3 Rb6 43. Qc3 Nd5 44. Qc1 Rg5 45. Rh1 Nb4 46. Bb1 Rc6 47. Qd2 Qa1 48. Ke2 Rd5 49. Bd3 Qxa2 50. Qxa2 Nxa2 51. e4 Rg5 52. Kd2 Nb4 53. Bb1 Kg7 54. Rh4 d5 55. Rhf4 dxe4 56. Rf7+ Kh6 57. Bxe4 Rd6+ 58. Kc3 Nd5+ 59. Kb3 Re5 60. Rh7+ Kg5 61. Rg7+ Kh6 1/2-1/2

[Event "Luzern"]
[Site "?"]
[Date "1993.??.??"]
[Round "?"]
[White "Vaganian, R."]
[Black "Shirov, A."]
[Result "1/2-1/2"]
[WhiteElo "2615"]
[BlackElo "2685"]
[PlyCount "61"]
[EventDate "1993.??.??"]
[Source "ChessBase"]
[SourceDate "1993.10.01"]

1. Nf3 Nf6 2. c4 g6 3. g3 Bg7 4. Bg2 d6 5. Nc3 Nc6 6. O-O a6 7. Rb1 Bf5 8. d3 Qd7 9. Nd5 O-O 10. Bg5 Nxd5 11. cxd5 Nd8 12. Nh4 h6 13. Nxf5 hxg5 14. Nxg7 Kxg7 15. Rc1 Rc8 16. d4 c6 17. Qa4 e6 18. e4 Rc7 19. Qa5 Re8 20. Bh3 Qe7 21. Rfe1 Rd7 22. Re3 Qf6 23. Qb4 cxd5 24. exd5 Rde7 25. Bg4 Kh6 26. dxe6 Nxe6 27. Qxd6 Rd8 28. Qe5 Qxe5 29. dxe5 Rd2 30. Bxe6 fxe6 31. Kf1 1/2-1/2

[Event "18th North Sea Cup"]
[Site "Esbjerg"]
[Date "2003.06.07"]
[Round "4"]
[White "Bruzon Bautista, Lazaro"]
[Black "Sasikiran, Krishnan"]
[Result "0-1"]
[WhiteElo "2610"]
[BlackElo "2658"]
[PlyCount "82"]
[EventDate "2003.06.04"]
[Source "Roberto Alvarez"]
[SourceDate "2003.07.14"]

1. Nf3 Nf6 2. c4 g6 3. b4 Bg7 4. Bb2 d6 5. g3 O-O 6. Bg2 e5 7. O-O Re8 8. d3 Nh5 9. Nc3 f5 10. Nd2 Kh8 11. e3 Nd7 12. Qc2 Ndf6 13. b5 a6 14. a4 Rb8 15. Ba3 a5 16. Nd5 b6 17. Rae1 g5 18. Bb2 Be6 19. Nxf6 Bxf6 20. d4 Ng7 21. dxe5 dxe5 22. Rd1 Qe7 23. Bc6 Red8 24. Qc3 Nh5 25. e4 f4 26. Nf3 Bh3 27. Rfe1 Kg7 28. Rd5 Rxd5 29. cxd5 Rd8 30. Nd2 Kh6 31. Nc4 Qg7 32. Qf3 fxg3 33. fxg3 Rf8 34. Qe2 Be7 35. Nxe5 Bc5+ 36. Kh1 Qe7 37. Nd3 Bf1 38. Qd2 Bxd3 39. Qxd3 Rf2 40. Bc1 Qf7 41. e5 Ra2 0-1

[Event "Rapid"]
[Site "Beer Sheva ISR"]
[Date "2007.10.20"]
[Round "1"]
[White "Roiz, M."]
[Black "Rodshtein, M."]
[Result "0-1"]
[WhiteElo "2644"]
[BlackElo "2615"]
[PlyCount "54"]
[EventDate "2007.10.20"]
[Source "www.chesslib.no"]
[SourceDate "2004.05.04"]

1. Nf3 Nf6 2. c4 c6 3. e3 d5 4. Nc3 a6 5. d4 b5 6. b3 Bg4 7. Bd2 e6 8. h3 Bxf3 9. Qxf3 Nbd7 10. Bd3 Bd6 11. O-O O-O 12. Rfd1 Qe7 13. c5 Bc7 14. e4 dxe4 15. Bxe4 Nxe4 16. Nxe4 Rfd8 17. a4 Qe8 18. Bg5 Rdb8 19. Bf4 Bxf4 20. Qxf4 bxa4 21. bxa4 Rb4 22. Nd6 Qe7 23. Qf3 Nb8 24. Rdb1 a5 25. Nc8 Qc7 26. Nb6 Rxb1+ 27. Rxb1 Ra7 0-1

[Event "Tilburg"]
[Site "Tilburg"]
[Date "1985.??.??"]
[Round "?"]
[White "Kortschnoj, Viktor"]
[Black "Ljubojevic, Ljubomir"]
[Result "1/2-1/2"]
[WhiteElo "2630"]
[BlackElo "2615"]
[PlyCount "123"]
[EventDate "1985.08.??"]
[Source "ChessBase"]

1. Nf3 Nf6 2. c4 c6 3. Nc3 d5 4. e3 g6 5. b3 Bg7 6. Bb2 O-O 7. Be2 Bg4 8. d4 Ne4 9. Nxe4 dxe4 10. Nd2 Bxe2 11. Qxe2 c5 12. Nxe4 cxd4 13. Bxd4 Bxd4 14. exd4 Qxd4 15. Rd1 Qe5 16. Rd5 Qa1+ 17. Rd1 Qe5 18. Rd5 Qa1+ 19. Qd1 Qxa2 20. O-O Qb2 21. Nc5 b6 22. Nd3 Qg7 23. Ne5 e6 24. Rd8 Qxe5 25. Rxf8+ Kxf8 26. Qf3 Nc6 27. Qxc6 Rd8 28. b4 Qd6 29. Qb5 Rc8 30. Qa6 Rc7 31. c5 Qd4 32. Qb5 Kg7 33. Rc1 Qd2 34. Qf1 Qxb4 35. c6 Qd2 36. Rc4 Qb2 37. g4 b5 38. Rc5 Qb4 39. Qa1+ Kg8 40. Qd1 Qxc5 41. Qd8+ Kg7 42. Qxc7 b4 43. Qb7 b3 44. c7 Qc1+ 45. Kg2 b2 46. c8=Q b1=Q 47. Qxb1 Qxc8 48. Qa1+ e5 49. Qxe5+ Kg8 50. Kg3 Qd8 51. h4 h6 52. f4 a5 53. f5 gxf5 54. gxf5 a4 55. Qe2 a3 56. Qa6 Qb8+ 57. Kg4 Qb4+ 58. Kh5 Qf4 59. Qa8+ Kh7 60. Qd5 Kg7 61. Qg2+ Kf6 62. Qc6+ 1/2-1/2

[Event "Mar del Plata"]
[Site "Mar del Plata"]
[Date "1982.??.??"]
[Round "?"]
[White "Andersson, Ulf"]
[Black "Timman, Jan H"]
[Result "1/2-1/2"]
[WhiteElo "2635"]
[BlackElo "2605"]
[PlyCount "60"]
[EventDate "1982.02.??"]
[Source "ChessBase"]

1. Nf3 Nf6 2. c4 b6 3. g3 Bb7 4. Bg2 g6 5. b3 Bg7 6. Bb2 O-O 7. O-O e6 8. Nc3 d5 9. cxd5 Nxd5 10. Qc1 c5 11. Nxd5 Bxd5 12. Bxg7 Kxg7 13. d4 cxd4 14. Rd1 Nc6 15. Nxd4 Nxd4 16. Rxd4 Qf6 17. Rh4 g5 18. Rg4 Bxg2 19. Kxg2 h6 20. h4 Qf5 21. Qc3+ e5 22. Rc4 Rac8 23. Rc1 Rxc4 24. Qxc4 Rd8 25. hxg5 hxg5 26. Qc2 Qe6 27. Qe4 Rd4 28. Qa8 a5 29. Rc8 Qd5+ 30. Qxd5 Rxd5 1/2-1/2

[Event "Gawlikowski mem 18th"]
[Site "?"]
[Date "1999.??.??"]
[Round "?"]
[White "Bareev Evgeny"]
[Black "Kempinski Robert"]
[Result "1-0"]
[WhiteElo "2679"]
[BlackElo "2533"]
[PlyCount "41"]
[EventDate "1999.??.??"]
[Source "www.chesslib.no"]
[SourceDate "2004.05.04"]

1. Nf3 Nf6 2. c4 g6 3. g3 Bg7 4. Bg2 d6 5. Nc3 Nbd7 6. O-O O-O 7. Rb1 c6 8. b4 d5 9. cxd5 cxd5 10. Qb3 Nb6 11. d3 a6 12. Be3 e6 13. Bc5 Re8 14. e4 Nbd7 15. Bd6 Qb6 16. e5 Ng4 17. Rbe1 Nh6 18. Bh3 f6 19. Bxe6+ Rxe6 20. Nxd5 Qd8 21. Nf4 1-0

[Event "Europa ch 2008"]
[Site "Plovdiv BUL"]
[Date "2008.04.29"]
[Round "8.25"]
[White "Mchedlishvili, Mikheil"]
[Black "Erdos, Viktor"]
[Result "1/2-1/2"]
[WhiteElo "2635"]
[BlackElo "2576"]
[PlyCount "25"]
[EventDate "2008.04.21"]
[Source "www.chesslib.no"]
[SourceDate "2004.05.04"]

1. Nf3 Nf6 2. c4 c6 3. g3 d5 4. Bg2 Nbd7 5. d4 dxc4 6. a4 e6 7. O-O a5 8. Qc2 Nd5 9. Qxc4 Nb4 10. Bd2 Be7 11. Bxb4 Bxb4 12. Nbd2 Qe7 13. Qd3 1/2-1/2

[Event "Clermont_Ferrand"]
[Site "?"]
[Date "1989.??.??"]
[Round "?"]
[White "Spraggett, K."]
[Black "Ehlvest, J."]
[Result "0-1"]
[WhiteElo "2585"]
[BlackElo "2620"]
[PlyCount "102"]
[EventDate "1989.??.??"]
[Source "ChessBase"]
[SourceDate "1989.07.01"]

1. c4 Nf6 2. b3 e6 3. Nf3 d5 4. Bb2 a5 5. e3 a4 6. bxa4 Nbd7 7. Nc3 Be7 8. Qc2 O-O 9. d4 Bb4 10. cxd5 exd5 11. Bd3 Re8 12. O-O c6 13. a3 Ba5 14. Rab1 Qe7 15. Ne2 Ne4 16. Ng3 Bc7 17. Rfe1 Nb6 18. a5 Rxa5 19. Nd2 Na4 20. Bxe4 dxe4 21. Ndxe4 h5 22. f3 h4 23. Nf1 Nxb2 24. Qxb2 Rxa3 25. Ra1 Rxa1 26. Rxa1 Bf5 27. Ra7 b6 28. Qa2 Rd8 29. h3 Rd7 30. Ra8+ Kh7 31. Qc2 Rd6 32. Nfd2 Rg6 33. Kf1 Bh2 34. Qa2 Be6 35. Qa3 Qxa3 36. Rxa3 f5 37. Nc3 Bd6 38. Ra7 Bb4 39. Ncb1 c5 40. Rc7 Ba2 41. dxc5 bxc5 42. Ra7 Bg8 43. e4 f4 44. e5 Bd5 45. Ne4 Bxe4 46. fxe4 Rg3 47. Rd7 f3 48. gxf3 Rxf3+ 49. Ke2 Rxh3 50. e6 Kg6 51. e5 Rh1 0-1

[Event "Maribor"]
[Site "Maribor"]
[Date "1996.??.??"]
[Round "?"]
[White "Beliavsky, Alexander G"]
[Black "Razuvaev, Yuri S"]
[Result "1/2-1/2"]
[WhiteElo "2615"]
[BlackElo "2580"]
[PlyCount "137"]
[EventDate "1996.05.??"]
[Source "ChessBase"]

1. Nf3 Nf6 2. c4 b6 3. g3 Bb7 4. Bg2 e6 5. O-O Be7 6. Nc3 O-O 7. b3 d5 8. cxd5 Nxd5 9. Nxd5 Bxd5 10. d4 Be4 11. Bb2 Nd7 12. Qd2 Qc8 13. Rac1 Qb7 14. Bh3 Bxf3 15. exf3 Nf6 16. f4 Nd5 17. f5 exf5 18. Bxf5 c6 19. a3 g6 20. Bh3 Rfd8 21. Rc2 Rd6 22. Re1 Bf6 23. Qc1 Rf8 24. Rce2 a5 25. Qc4 Qb8 26. Bc1 Qd8 27. Bg2 Qd7 28. h4 h5 29. Re4 Rd8 30. Kh2 Ne7 31. Qc2 Nf5 32. Bh3 Rxd4 33. Rf4 Rxf4 34. Bxf4 Nd4 35. Bxd7 Nxc2 36. Re8+ Rxe8 37. Bxe8 Nxa3 38. Bxc6 Nc2 39. Bc7 Bd4 40. Kg2 Bc5 41. Be4 Nd4 42. Bd5 Kf8 43. Be5 Nf5 44. Bc4 Ke7 45. Bf4 Nd4 46. Be5 Ne6 47. Kf1 Bd6 48. Bc3 Nc7 49. Bd3 Bc5 50. Be5 Bd6 51. Bc3 Nd5 52. Bb2 Bc5 53. Bc1 Kd6 54. Bb5 Bd4 55. Be8 Ke7 56. Bc6 Nc7 57. Bf4 Ne6 58. Bc1 f5 59. Kg2 Kf6 60. Bb5 Nc5 61. Bc4 b5 62. Bg5+ Kg7 63. Bxb5 Nxb3 64. Bd8 Bc3 65. Bb6 Nd2 66. f3 Nb3 67. Be3 Nd4 68. Bxd4+ Bxd4 69. Be8 1/2-1/2

[Event "Groningen PCA"]
[Site "Groningen"]
[Date "1993.??.??"]
[Round "3"]
[White "Polugaevsky, Lev"]
[Black "Van Wely, Loek"]
[Result "1/2-1/2"]
[WhiteElo "2605"]
[BlackElo "2585"]
[PlyCount "62"]
[EventDate "1993.12.??"]
[Source "ChessBase"]

1. Nf3 Nf6 2. c4 g6 3. b4 Bg7 4. Bb2 O-O 5. g3 d6 6. Bg2 e5 7. Nc3 Nc6 8. b5 Nd4 9. O-O Bg4 10. Ne1 Qc8 11. f3 Bh3 12. e3 Bxg2 13. Nxg2 Ne6 14. d3 c6 15. a4 d5 16. cxd5 Nxd5 17. Nxd5 cxd5 18. f4 e4 19. Bxg7 Nxg7 20. dxe4 dxe4 21. Qd5 Qc2 22. Rf2 Qc3 23. Rd1 Nf5 24. Qxe4 Rad8 25. Rff1 h5 26. Rxd8 Rxd8 27. Qxb7 Nxe3 28. Qe7 Rd3 29. Nxe3 Rxe3 30. Qd8+ Kg7 31. f5 Rxg3+ 1/2-1/2

[Event "Europa ch 2008"]
[Site "Plovdiv BUL"]
[Date "2008.04.22"]
[Round "2.67"]
[White "Akopian, Vladimir"]
[Black "Tukhaev, Adam"]
[Result "1-0"]
[WhiteElo "2673"]
[BlackElo "2512"]
[PlyCount "83"]
[EventDate "2008.04.21"]
[Source "www.chesslib.no"]
[SourceDate "2004.05.04"]

1. Nf3 Nf6 2. c4 g6 3. b4 Bg7 4. Bb2 O-O 5. g3 d6 6. Bg2 e5 7. d3 Nc6 8. b5 Ne7 9. O-O h6 10. Nbd2 Be6 11. Qc2 Nd7 12. d4 f5 13. dxe5 dxe5 14. e4 f4 15. c5 c6 16. Nc4 Qb8 17. b6 axb6 18. Nxb6 Nxb6 19. cxb6 g5 20. Rfd1 Ng6 21. a4 Rd8 22. Rxd8+ Qxd8 23. a5 Qd7 24. Ne1 Qf7 25. Bf1 Bb3 26. Qc3 fxg3 27. hxg3 Rf8 28. Qc5 h5 29. a6 bxa6 30. Bxa6 h4 31. b7 hxg3 32. fxg3 Bf6 33. Qb6 Bd8 34. Qe3 Bc7 35. Nd3 Bc4 36. Nf2 Bxa6 37. Rxa6 Bb8 38. Rxc6 Kh7 39. Ba3 Qxb7 40. Rb6 Qf7 41. Bxf8 Qxf8 42. Qxg5 1-0

[Event "Linz"]
[Site "Linz"]
[Date "1997.05.18"]
[Round "2"]
[White "Beim, Valery"]
[Black "Glek, Igor V"]
[Result "1/2-1/2"]
[WhiteElo "2555"]
[BlackElo "2620"]
[PlyCount "21"]
[EventDate "1997.05.17"]
[Source "ChessBase"]
[SourceDate "1997.08.01"]

1. Nf3 Nf6 2. c4 g6 3. g3 Bg7 4. Bg2 c6 5. Nc3 d5 6. cxd5 cxd5 7. d4 Nc6 8. Ne5 Bd7 9. O-O e6 10. Bg5 h6 11. Bxf6 1/2-1/2

[Event "XXIV ECC"]
[Site "Kallithea GRE"]
[Date "2008.10.17"]
[Round "1"]
[White "Zvjaginsev, V."]
[Black "Hammer, J."]
[Result "1/2-1/2"]
[WhiteElo "2646"]
[BlackElo "2522"]
[PlyCount "63"]
[EventDate "2008.10.17"]
[Source "www.chesslib.no"]
[SourceDate "2004.05.04"]

1. Nf3 Nf6 2. c4 b6 3. Nc3 Bb7 4. b4 e6 5. Rb1 Be7 6. e3 O-O 7. d4 Ne4 8. Nxe4 Bxe4 9. Bd3 Bxd3 10. Qxd3 d5 11. O-O c6 12. e4 dxc4 13. Qxc4 b5 14. Qc2 a5 15. a3 axb4 16. axb4 Ra4 17. Bd2 Qc7 18. Rfc1 Rc8 19. g3 Bd6 20. Qd3 h6 21. d5 exd5 22. exd5 Qd7 23. dxc6 Rxc6 24. Rxc6 Qxc6 25. Nd4 Qc4 26. Qe4 Nd7 27. Qe8+ Nf8 28. Nxb5 Bxb4 29. Nc3 Ra3 30. Nb5 Ra4 31. Nc3 Ra3 32. Qb5 1/2-1/2

[Event "Novosibirsk"]
[Site "?"]
[Date "1995.??.??"]
[Round "?"]
[White "Smirin, I."]
[Black "Makarov, M."]
[Result "1/2-1/2"]
[WhiteElo "2630"]
[BlackElo "2520"]
[PlyCount "52"]
[EventDate "1995.??.??"]
[Source "ChessBase"]
[SourceDate "1995.10.01"]

1. Nf3 Nf6 2. c4 b6 3. g3 Bb7 4. Bg2 e6 5. O-O Be7 6. Nc3 O-O 7. Re1 d5 8. cxd5 Nxd5 9. d4 Nxc3 10. bxc3 c5 11. e4 Nc6 12. d5 exd5 13. exd5 Na5 14. Ne5 Bd6 15. Qg4 Qc7 16. Bf4 Rad8 17. Rad1 Bc8 18. Qh5 g6 19. Qh6 Rde8 20. Nd3 Bf5 21. Bxd6 Qxd6 22. Nf4 Nb7 23. h4 Bg4 24. f3 Rxe1+ 25. Rxe1 Bd7 26. Qg5 f6 1/2-1/2

[Event "Elenite"]
[Site "Elenite"]
[Date "1992.??.??"]
[Round "1"]
[White "Kurajica, Bojan"]
[Black "Stohl, Igor"]
[Result "1/2-1/2"]
[WhiteElo "2590"]
[BlackElo "2560"]
[PlyCount "48"]
[EventDate "1992.??.??"]
[Source "ChessBase"]

1. Nf3 Nf6 2. c4 b6 3. d3 Bb7 4. e4 c5 5. Bg5 g6 6. Bxf6 exf6 7. Nc3 Qe7 8. Nb5 d6 9. Be2 Bg7 10. O-O f5 11. Qd2 a6 12. Nc3 fxe4 13. dxe4 Nc6 14. Nd5 Qd8 15. Rfe1 O-O 16. Rab1 Nd4 17. b4 Bxd5 18. exd5 Re8 19. bxc5 bxc5 20. Bd1 Nxf3+ 21. Bxf3 Qh4 22. Rxe8+ Rxe8 23. Qd3 Bd4 24. g3 Qe7 1/2-1/2

[Event "GP CG de l'Heralt"]
[Site "Montpellier"]
[Date "2004.07.08"]
[Round "4"]
[White "Bauer, Christian"]
[Black "Hamdouchi, Hichem"]
[Result "1/2-1/2"]
[WhiteElo "2590"]
[BlackElo "2556"]
[PlyCount "89"]
[EventDate "2004.07.05"]
[Source "Roberto Alvarez"]
[SourceDate "2004.07.12"]

1. Nf3 Nf6 2. c4 c6 3. e3 d5 4. Qc2 e6 5. b3 Nbd7 6. Bb2 Bd6 7. Nc3 O-O 8. Be2 a6 9. d4 b6 10. O-O Bb7 11. e4 Nxe4 12. Nxe4 dxe4 13. Qxe4 Nf6 14. Qc2 Qe7 15. Ne5 c5 16. Bf3 cxd4 17. Bxb7 Qxb7 18. Bxd4 Rfd8 19. Rad1 Rac8 20. Qe2 h6 21. Ng4 Nxg4 22. Qxg4 Bf8 23. Be3 Kh7 24. Rxd8 Rxd8 25. Rd1 Rxd1+ 26. Qxd1 Bc5 27. b4 Bxe3 28. Qd3+ Kg8 29. Qd8+ Kh7 30. Qd3+ Kg8 31. Qxe3 Qd7 32. Qc1 Kf8 33. g3 Ke8 34. Qf4 b5 35. c5 Qd1+ 36. Kg2 Qd5+ 37. Qf3 Qxa2 38. Qc6+ Ke7 39. Qc7+ Ke8 40. c6 Qd5+ 41. f3 Qd2+ 42. Kh3 Qd5 43. Qb8+ Ke7 44. Qc7+ Ke8 45. Qb8+ 1/2-1/2

[Event "AUT-chT 9798"]
[Site "Austria"]
[Date "1998.03.08"]
[Round "11"]
[White "Hickl, Joerg"]
[Black "Pinter, Jozsef"]
[Result "1/2-1/2"]
[WhiteElo "2555"]
[BlackElo "2590"]
[PlyCount "43"]
[EventDate "1997.??.??"]
[Source "ChessBase"]
[SourceDate "1998.04.29"]

1. c4 Nf6 2. b3 c6 3. Bb2 d5 4. e3 Bg4 5. Be2 Bxe2 6. Qxe2 Nbd7 7. Nf3 e6 8. O-O Be7 9. d3 O-O 10. e4 Nc5 11. Rd1 a5 12. Nbd2 Re8 13. Rac1 Bf8 14. Nf1 Na6 15. Ne3 Nb4 16. a3 Na6 17. Qc2 Bc5 18. d4 Be7 19. exd5 exd5 20. Re1 Bf8 21. Re2 g6 22. Rce1 1/2-1/2

[Event "San Francisco"]
[Site "San Francisco"]
[Date "1991.??.??"]
[Round "1"]
[White "Fedorowicz, John P"]
[Black "Ftacnik, Lubomir"]
[Result "1/2-1/2"]
[WhiteElo "2555"]
[BlackElo "2590"]
[PlyCount "32"]
[EventDate "1991.03.??"]
[Source "ChessBase"]

1. c4 Nf6 2. g3 g6 3. Bg2 Bg7 4. e4 c5 5. Ne2 Nc6 6. O-O O-O 7. d3 Ne8 8. Nbc3 Nc7 9. f4 Rb8 10. Be3 Nd4 11. Rb1 d6 12. h3 Nxe2+ 13. Nxe2 b5 14. cxb5 Nxb5 15. Qd2 Nd4 16. Kh1 Nxe2 1/2-1/2

[Event "5th IECC"]
[Site "Antalya"]
[Date "2004.05.24"]
[Round "9"]
[White "Agrest, Evgenij"]
[Black "Stocek, Jiri"]
[Result "1-0"]
[WhiteElo "2601"]
[BlackElo "2543"]
[PlyCount "75"]
[EventDate "2004.05.15"]
[Source "Roberto Alvarez"]
[SourceDate "2004.05.31"]

1. Nf3 Nf6 2. c4 b6 3. Nc3 Bb7 4. d3 c5 5. e4 g6 6. e5 Ng4 7. h3 Nh6 8. d4 cxd4 9. Nxd4 Nc6 10. Bf4 Bg7 11. Nf3 O-O 12. Be2 Nf5 13. g4 Nfd4 14. Nxd4 Nxd4 15. Qxd4 Bxh1 16. f3 f6 17. Kf2 fxe5 18. Bxe5 Qb8 19. Bxg7 Qh2+ 20. Ke1 Rf7 21. Ne4 Bxf3 22. Bxf3 Rxf3 23. Bh6 Rf7 24. Qd5 Rd8 25. Rd1 Qxb2 26. a4 Qh2 27. Rd3 e6 28. Qxe6 Qg1+ 29. Kd2 Qf1 30. Qd5 Kh8 31. Kc2 Re8 32. Nd2 Qf2 33. Re3 Rc8 34. Kb3 a5 35. Qe5+ Kg8 36. Qe8+ Rf8 37. Qxd7 Qf7 38. Re7 1-0

[Event "It (Open) Calvi FRA"]
[Site "?"]
[Date "2006.02.??"]
[Round "8.2"]
[White "Krivoshey Sergei"]
[Black "Fedorchuk Sergey A"]
[Result "1/2-1/2"]
[WhiteElo "2553"]
[BlackElo "2590"]
[PlyCount "64"]
[EventDate "2006.??.??"]
[Source "www.chesslib.no"]
[SourceDate "2004.05.04"]

1. Nf3 Nf6 2. c4 b6 3. g3 Bb7 4. Bg2 e6 5. O-O Be7 6. Nc3 Ne4 7. Nxe4 Bxe4 8. d3 Bb7 9. Bd2 Bf6 10. Qc2 c5 11. Bc3 Nc6 12. Rfd1 Rc8 13. d4 cxd4 14. Nxd4 Nxd4 15. Bxd4 Bxg2 16. Kxg2 Qe7 17. Qd3 O-O 18. Bxf6 Qxf6 19. Qd4 Qxd4 20. Rxd4 Rc6 21. b3 d6 22. Rad1 Rd8 23. e4 f6 24. Kf3 Kf7 25. Ke3 Ke7 26. f4 Rcc8 27. R1d2 Rd7 28. Rd1 Rcd8 29. R1d2 Ke8 30. Rd1 Ke7 31. R1d2 Ke8 32. Rd1 Ke7 1/2-1/2

[Event "1. GM"]
[Site "?"]
[Date "2003.12.20"]
[Round "10"]
[White "Ghaem Maghami Ehsan"]
[Black "Georgiev Vladimir"]
[Result "1/2-1/2"]
[WhiteElo "2540"]
[BlackElo "2596"]
[PlyCount "23"]
[EventDate "2003.??.??"]
[Source "www.chesslib.no"]
[SourceDate "2004.05.04"]

1. b3 d6 2. e3 Nf6 3. c4 g6 4. Bb2 Bg7 5. Nf3 O-O 6. d4 Nbd7 7. Be2 e5 8. dxe5 Ng4 9. Nc3 Ndxe5 10. O-O Nxf3+ 11. Bxf3 Ne5 12. Be2 1/2-1/2

[Event "6. EICC"]
[Site "?"]
[Date "2005.06.23"]
[Round "6"]
[White "Kempinski Robert"]
[Black "Nalbandian Tigran"]
[Result "1/2-1/2"]
[WhiteElo "2627"]
[BlackElo "2508"]
[PlyCount "23"]
[EventDate "2005.??.??"]
[Source "www.chesslib.no"]
[SourceDate "2004.05.04"]

1. Nf3 Nf6 2. c4 g6 3. b4 Bg7 4. Bb2 d6 5. e3 e5 6. d3 O-O 7. Be2 e4 8. dxe4 Nxe4 9. Bxg7 Kxg7 10. Qd4+ Qf6 11. Bd3 Nc6 12. Qxf6+ 1/2-1/2

[Event "Graz"]
[Site "?"]
[Date "2006.11.05"]
[Round "3"]
[White "Rotstein Arkadij"]
[Black "Luther Thomas"]
[Result "1/2-1/2"]
[WhiteElo "2539"]
[BlackElo "2594"]
[PlyCount "41"]
[EventDate "2006.??.??"]
[Source "www.chesslib.no"]
[SourceDate "2004.05.04"]

1. b3 Nf6 2. Bb2 g6 3. Nf3 Bg7 4. c4 O-O 5. e3 b6 6. d4 Bb7 7. Be2 d5 8. O-O Nbd7 9. Nc3 c5 10. Nxd5 Nxd5 11. cxd5 Bxd5 12. Qd2 e6 13. Rfd1 Qe7 14. dxc5 Nxc5 15. Bxg7 Kxg7 16. Qd4+ Qf6 17. Rac1 Rac8 18. Qxf6+ Kxf6 19. Nd4 a5 20. f3 Ke7 21. e4 1/2-1/2